ბათუმის შოთა რუსთაველის სახელმწიფო უნივერსიტეტის ბიბლიოთეკა

Экономика нефтеперерабатывающей и нефтехимической промышленности (ბიბ.ჩანაწერი № 37033)

000 -LEADER
fixed length control field 00724nam a2200253Ia 4500
001 - CONTROL NUMBER
control field 2987
003 - CONTROL NUMBER IDENTIFIER
control field GE_BSU
008 - FIXED-LENGTH DATA ELEMENTS--GENERAL INFORMATION
fixed length control field 181216s||||||||xx |||||||||||||| ||und||
040 ## - CATALOGING SOURCE
Transcribing agency GE_BSU
080 ## - UNIVERSAL DECIMAL CLASSIFICATION NUMBER
Universal Decimal Classification number 665.63
100 ## - MAIN ENTRY--PERSONAL NAME
Personal name Егоров,В.И
245 ## - TITLE STATEMENT
Title Экономика нефтеперерабатывающей и нефтехимической промышленности
245 ## - TITLE STATEMENT
Remainder of title Учебник для вузов
245 ## - TITLE STATEMENT
Statement of responsibility, etc. Ред.Д.Н.Семенова
250 ## - EDITION STATEMENT
Edition statement Издание: второе, переработанное.
260 ## - PUBLICATION, DISTRIBUTION, ETC.
Place of publication, distribution, etc. М
260 ## - PUBLICATION, DISTRIBUTION, ETC.
Name of publisher, distributor, etc. Химия
260 ## - PUBLICATION, DISTRIBUTION, ETC.
Date of publication, distribution, etc. 1982
300 ## - PHYSICAL DESCRIPTION
Extent 288стр.
300 ## - PHYSICAL DESCRIPTION
Other physical details илл.
300 ## - PHYSICAL DESCRIPTION
Dimensions 22см
653 ## - INDEX TERM--UNCONTROLLED
Uncontrolled term Химия
942 ## - ADDED ENTRY ELEMENTS (KOHA)
Koha item type წიგნი

არაა ხელმისაწვდომი ეგზემპლარები.